Analýza súčasného stavu rodiny v Slovenskej republike

Rodina a jej jednotliví členovia ako subjekty práva. Demografický vývoj na Slovensku. Manželstvo a rodina. Hodnotový obraz rodiny na Slovensku. Sociálno-ekonomické podmienky života rodín. Výchova detí a mládeže, príprava na manželstvo a rodičovstvo. Ochrana zdravia členov rodiny. Stav prevencie a li...

Descrizione completa

Salvato in:
Dettagli Bibliografici
Natura: Capitolo di libro
Lingua:slovacco
Soggetti:
Tags: Aggiungi Tag
Nessun Tag, puoi essere il primo ad aggiungerne!!

MARC

LEADER 00000naa a2200000 4500
001 r022073
005 20230807094139.9
041 0 |a slo 
044 |a SK 
245 1 0 |a Analýza súčasného stavu rodiny v Slovenskej republike 
520 |a Rodina a jej jednotliví členovia ako subjekty práva. Demografický vývoj na Slovensku. Manželstvo a rodina. Hodnotový obraz rodiny na Slovensku. Sociálno-ekonomické podmienky života rodín. Výchova detí a mládeže, príprava na manželstvo a rodičovstvo. Ochrana zdravia členov rodiny. Stav prevencie a liečby chodrôb obyvateľov podľa vekových skupín. 
610 2 0 |a analýza sociálna 
610 2 0 |a rodina 
610 2 0 |a Slovensko 
610 2 0 |a vývoj populačný 
610 2 0 |a domácnosti 
610 2 0 |a podmienky sociálne 
610 2 0 |a výchova 
610 2 0 |a mládež 
610 2 0 |a zdravie 
610 2 0 |a ochrana zdravia